Sports Quiz

Random Sports or NFL Quiz

2010 NFL: Week 3 Touchdowns Quiz Stats

 Plays Quiz not verified by Sporcle

Score 0/78 Timer 10:00
0 Plays Today
Team Player % Correct
TitansChris Johnson
100%
TitansChris Johnson
100%
BillsSteve Johnson
100%
FalconsMichael Turner
95.1%
PatriotsRandy Moss
95.1%
PatriotsRandy Moss
95.1%
VikingsAdrian Peterson
95.1%
VikingsAdrian Peterson
95.1%
CowboysRoy Williams
95.1%
CowboysRoy Williams
95.1%
EaglesDeSean Jackson
95.1%
RedskinsSantana Moss
95.1%
RamsSteven Jackson
95.1%
FalconsTony Gonzalez
92.7%
FalconsRoddy White
92.7%
ColtsBlair White
92.7%
RavensAnquan Boldin
90.2%
RavensAnquan Boldin
90.2%
RavensAnquan Boldin
90.2%
VikingsPercy Harvin
90.2%
SteelersRashard Mendenhall
90.2%
GiantsAhmad Bradshaw
87.8%
SaintsJeremy Shockey
87.8%
CowboysMarion Barber
87.8%
SteelersHines Ward
87.8%
SaintsLance Moore
85.4%
SaintsLance Moore
85.4%
ChiefsDwayne Bowe
85.4%
ChiefsThomas Jones
85.4%
SteelersMike Wallace
85.4%
SteelersMike Wallace
85.4%
BearsDevin Hester
85.4%
ChargersAntonio Gates
82.9%
RaidersDarren McFadden
82.9%
JetsLaDainian Tomlinson
82.9%
DolphinsBrandon Marshall
82.9%
TitansKenny Britt
80.5%
ColtsAustin Collie
80.5%
ColtsAustin Collie
80.5%
Team Player % Correct
CardinalsLarry Fitzgerald
80.5%
PatriotsBenJarvus Green-Ellis
78%
BengalsCedric Benson
78%
BengalsCedric Benson
78%
BroncosBrandon Lloyd
78%
JetsBraylon Edwards
78%
TexansKevin Walter
75.6%
PanthersJonathan Stewart
75.6%
EaglesJeremy Maclin
75.6%
EaglesJeremy Maclin
75.6%
PackersGreg Jennings
75.6%
SeahawksLeon Washington
73.2%
SeahawksLeon Washington
73.2%
EaglesMichael Vick
70.7%
RaidersZach Miller
70.7%
JetsDustin Keller
70.7%
JetsDustin Keller
70.7%
PackersAaron Rodgers
70.7%
BrownsPeyton Hillis
68.3%
PatriotsRob Gronkowski
61%
BearsGreg Olsen
61%
BillsC.J. Spiller
58.5%
BillsC.J. Spiller
58.5%
ChargersMalcolm Floyd
56.1%
CardinalsSteve Breaston
56.1%
PatriotsDanny Woodhead
51.2%
BuccaneersLeGarrette Blount
48.8%
CardinalsLaRod Stephens-Howling
46.3%
DolphinsAnthony Fasano
46.3%
ChiefsTony Moeaki
41.5%
SeahawksJohn Carlson
36.6%
49ersJosh Morgan
34.1%
ChiefsDexter McCluster
34.1%
BrownsBen Watson
31.7%
LionsTony Scheffler
24.4%
RamsKenneth Darby
22%
RamsDaniel Fells
12.2%
9.8%
SteelersBrett Keisel
7.3%

You're not logged in!

Compare scores with friends on all Sporcle quizzes.
OR
Log In

Show Comments

Extras

Created Nov 18, 2010ReportNominate
Tags:NFL Quiz, player, team, touchdown, week

Top Quizzes Today


Score Distribution

Your Account Isn't Verified!

In order to create a playlist on Sporcle, you need to verify the email address you used during registration. Go to your Sporcle Settings to finish the process.

Report this User

Report this user for behavior that violates our Community Guidelines.

Details: